<?xml version="1.0" encoding="UTF-8"?>
<collection xmlns="http://www.loc.gov/MARC21/slim">
  <record>
    <leader>00000nam  2200000   4500</leader>
    <controlfield tag="001">INLIS000000000003240</controlfield>
    <controlfield tag="005">20190723105242</controlfield>
    <datafield tag="035" ind1="#" ind2="#">
      <subfield code="a">0010-0718003240</subfield>
    </datafield>
    <controlfield tag="008">190723################g##########0#ind##</controlfield>
    <datafield tag="041" ind1=" " ind2=" ">
      <subfield code="a">id</subfield>
    </datafield>
    <datafield tag="082" ind1="#" ind2="#">
      <subfield code="a">200</subfield>
    </datafield>
    <datafield tag="090" ind1=" " ind2=" ">
      <subfield code="a">200 Lem a</subfield>
    </datafield>
    <datafield tag="100" ind1=" " ind2="#">
      <subfield code="a">Soedjatmoko</subfield>
    </datafield>
    <datafield tag="245" ind1="1" ind2="#">
      <subfield code="a">Agama dan Tantangan Zaman: Pilihan Artikel Prisma 1975 - 1984 /</subfield>
      <subfield code="c">Soedjatmoko</subfield>
    </datafield>
    <datafield tag="250" ind1="#" ind2="#">
      <subfield code="a">Ed. 1, Cet. 1</subfield>
    </datafield>
    <datafield tag="260" ind1="#" ind2="#">
      <subfield code="a">Jakarta :</subfield>
      <subfield code="b">LP3ES Jakarta,</subfield>
      <subfield code="c">1985</subfield>
    </datafield>
    <datafield tag="300" ind1="#" ind2="#">
      <subfield code="a">xlii; 364 cm :</subfield>
      <subfield code="b">ilus ;</subfield>
      <subfield code="c">23 cm</subfield>
    </datafield>
    <datafield tag="650" ind1=" " ind2="#">
      <subfield code="a">Agama -- Tantangan Zaman</subfield>
    </datafield>
    <datafield tag="084" ind1="#" ind2="#">
      <subfield code="a">200 Lem a</subfield>
    </datafield>
    <datafield tag="520" ind1="#" ind2="#">
      <subfield code="a">Agama telah mampu mempertahankan diri hingga hari ini, namun seberapa jauh ia telah berubah dan dapatkah ia menyesuaikan diri dengan kemajuan zaman? Agama tinggal sebagai upacara belaka? tetapi agama pun dapat bersaing dengan agama lain: mengapa? Dan yang senantiasa terulang dalam sejarah adalah agama sebagai sumber tenaga berbagai gerakan rakyat. Agama yang berakar pada dimensi refleksi manusia tidak akan pernah tuntas diterangkan dengan bahasa manapun, diseamping ia adalah milik pribadi para pemeluknya. Kumpulan artikel Prisma ini menyajikan sejumlah tulisan para cendikiawan yang harus dibaca oleh setiap pribadi yang mengaku beragama. Soedjatmoko, F. Danuwinata, Oka Purniatmaja, S.K. Trimurti, Abdurrahman Wahid, E.F. Scumacher, Hassan Hanafi, Gavin W. Jones, J. Garang, Ignas Kleden, Djohan Effendi, Zamakhyari Dhofier, Y. van Paassen, Onghokham, Sartono Kartodirdjo, S. Wismoady Wahono, Th. Sumartana, Y.B. mangunwijaya, dan Nasir Tamara.</subfield>
    </datafield>
    <datafield tag="856" ind1="#" ind2="#">
      <subfield code="a">Perpustakaan Lembaga Administrasi Negara</subfield>
    </datafield>
    <datafield tag="990" ind1="#" ind2="#">
      <subfield code="a">21866</subfield>
    </datafield>
    <datafield tag="990" ind1="#" ind2="#">
      <subfield code="a">21866</subfield>
    </datafield>
  </record>
</collection>
